| 000 | 00726nam a2200229 a 4500 | ||
|---|---|---|---|
| 005 | 20220817104124.0 | ||
| 008 | 140520s2003 mx r 000 0 spa d | ||
| 020 | _a8426351646 | ||
| 035 | _aUPN01000197364 | ||
| 049 | _aI | ||
| 050 | 4 |
_aPZ13 _bW4.8 |
|
| 100 | 1 |
_aWestera, Bette, _d1958- _935603 |
|
| 245 | 1 | 0 |
_aVamos contigo, abuela / _cBette Westera ; il. Suzanne Diederen. |
| 260 |
_aZaragoza, Esp. : _bEdelvives, _c2003. |
||
| 300 |
_a[17] p. : _bprincipalmente il. col. |
||
| 534 |
_pTitulo original: _tWelterusten, beer boboen |
||
| 650 | 4 |
_aCUENTOS INFANTILES HOLANDESES _911170 |
|
| 650 | 7 |
_aAbuelas _vLiteratura infantil _2 _94408 |
|
| 700 | 1 |
_aDiederen, Suzanne, _eil. |
|
| 905 | _aInfantil | ||
| 999 |
_c169465 _d169465 |
||